000 01571cam a2200361 a 4500
001 EDZ0000063549
003 StDuBDS
005 20161031105104.0
006 m||||||||d||||||||
007 cr |||||||||||
008 120315s2004 cauc fo| 001|0|eng d
020 _a9781452231112 (ebook) :
_cNo price
040 _aStDuBDS
_beng
_cStDuBDS
_epn
049 _aAlfaisal Main Library
050 0 _aHD66
_b.B43 2004
082 0 4 _a658.4022
_223
100 1 _aBeatty, Carol Anne,
_d1943-
245 1 0 _aBuilding smart teams
_h[electronic resource] :
_ba roadmap to high performance /
_cCarol A. Beatty, Brenda A. Barker Scott.
260 _aThousand Oaks, Calif. ;
_aLondon :
_bSAGE,
_cc2004.
300 _a1 online resource (ix, 198 p.) :
_bports.
504 _aIncludes bibliographical references and index.
520 8 _a'Building Smart Teams' illustrates how to create a smart team fast. The authors have collected research results from almost 2,000 individuals organized in more than 250 teams, to identify the three critical skill sets that teams need & show how to apply these to a designated group.
521 _aSpecialized.
588 _aDescription based on print version record.
650 0 _aTeams in the workplace.
650 0 _aPerformance.
655 7 _aElectronic books.
_2local
700 1 _aScott, Brenda A. Barker
_q(Brenda Ann Barker),
_d1962-
710 2 _aSage eBooks
776 0 8 _iPrint version :
_z9780761929567
856 4 0 _uhttp://ezproxy.alfaisal.edu/login?url=http://sk.sagepub.com/books/building-smart-teams
942 _2lcc
_cEBOOKS
999 _c479118
_d479118